000
00325nam a22001457a 4500
008
210429b ||||| |||| 00| 0 eng d
020
_a
9781111834791
041
_a
eng
080
_2
10th
_a
82
082
_a
82
100
_a
21
101
_a
GJL
245
_a
Successful Writing at Work
_c
Philip C. Kolin
942
_2
udc
_c
BK
999
_c
57025
_d
57025